000 00445nam a2200181Ia 4500
001 24159
005 20260414151025.0
008 260414t2011||||xx |||||||||||||| ||spa||
041 _aESP
082 _a790.1
_bY76
100 _aYouth Specialties
_eAUT
245 0 _aEventos especiales :
_bpara refrescar tu ministerio
260 _c2011
300 _a146 páginas :
_c28 cm.
650 _aABD
654 _aCAU
942 _cLIB
_dJUS
_fJUS
_2ddc
_n
999 _c24159
_d24159